Départements du bassin du Rhône - Statistiques

Statistiques générales
  • Ce quiz a été pris 40 fois
  • Le résultat moyen est 25 sur 28
Statistiques - réponses
Régions % Correct
Haute-Savoie
100%
Savoie
100%
Auvergne-Rhône-Alpes
98%
Isère
98%
Rhône
98%
Var
98%
Vaucluse
98%
Ain
95%
Loire
95%
Provence-Alpes-côte-d'Azur
95%
Ardèche
93%
Bouches-du-Rhône
93%
Drôme
93%
Gard
93%
Occitanie
93%
Hautes-Alpes
90%
Alpes-de-Haute-Provence
88%
Bourgogne-Franche-Comté
85%
Jura
85%
Doubs
83%
Grand-Est
83%
Saône-et-Loire
83%
Haute-Saône
80%
Côte-d'Or
75%
Territoire-de-Belfort
75%
Lozère
70%
Vosges
70%
Haute-Marne
50%
Aucun quiz correspondant
Distribution des résultats
% des personnes avec chaque résultat
Percentile par nombre de réponses
Votre historique - résultats
Vous n’avez pas pris ce quiz